000
00216nam a22000857a 4500
008
160630b xxu||||| |||| 00| 0 eng d
100
_9
1495
_a
Jain, D
245
_a
Badminton Skills & Rules
260
_a
D
_b
Khel Sahitya
_c
2003
999
_c
1234
_d
1234